000 00281nam a2200109Ia 4500
008 200302s9999 xx 000 0 und d
100 _aPeter Testa
245 _aRobot House Instrumentation representation fabrication
260 _bThames and Hudson
260 _c2017
300 _a336
999 _c7457
_d7457